Time to murder and create : the contemporary novel in crisis; [essays] /

Bibliographic Details
Main Author: Aldridge, John W.
Format: Book
Language:English
Published: New York : D. McKay Co., [1966]
Subjects:

MARC

Tag First Indicator Second Indicator Subfields
LEADER 00000cam a22000001 4500
001 in00000032617
005 20151007061822.0
008 711020s1966 nyu 00010 eng
010 |a  66017353  
035 |a (OCoLC)00269627 
035 |9 AAD3167AM 
040 |a DLC  |c DLC  |d TXA  |d UtOrBLW 
049 |a TXAM  |c [460428] 
050 0 0 |a PS379  |b .A52 
082 0 |a 813.509 
092 |a 813.09  |b A365t 
100 1 |a Aldridge, John W. 
245 1 0 |a Time to murder and create :  |b the contemporary novel in crisis; [essays] /  |c by John W. Aldridge. 
264 1 |a New York :  |b D. McKay Co.,  |c [1966] 
300 |a xviii, 264 pages ;  |c 21 cm. 
336 |a text  |b txt  |2 rdacontent 
337 |a unmediated  |b n  |2 rdamedia 
338 |a volume  |b nc  |2 rdacarrier 
650 0 |a American fiction  |y 20th century  |x History and criticism. 
650 0 |a English fiction  |y 20th century  |x History and criticism. 
999 |a MARS 
999 f f |s 0e5e979a-c8ac-3c9e-969c-c863dacc4c43  |i 6e64b6b2-5f95-393f-8951-0ddb18d753ec  |t 0 
952 f f |p ric  |a Texas A&M University  |b Rellis Campus  |c Joint Library Facility  |d Remote Storage  |t 0  |e PS379 .A52  |h Library of Congress classification  |i unmediated -- volume  |m A14801256423 
998 f f |a PS379 .A52  |t 0  |l Remote Storage